000 00996cam a22002655a 4500
001 L145793
008 081110s2008 xxka f 000 0 eng u
020 _a9781848060678
035 _a(Sirsi) u145793
041 0 _aeng
050 0 4 _a690 $2 18
100 1 _aScivyer, Chris
245 _aRadon protection for new dwellings
_bavoiding problems and getting it right!
260 _aWatford
_bIHS BRE
_c2008
300 _a8p.
_bill.
_c30cm.
490 0 _aBRE Good Building Guide
_vGBG 74
520 _aLooks at the problem of radon, and examines ways in which new dwellings can be built to minimise the risk from the gas. To be read in conjunction with BRE Report BR 211 (2007) "Radon: guidance on protective measures for new buildings".
520 _aReplaced by L158352 Radon protection for new dwellings, GG 74 (2015).
521 _aAdvanced
590 _aKA
650 2 4 _aRADON PROTECTION MEASURES
651 4 _aUnited Kingdom
_y
690 _aHealth and safety
_96244
942 _n0
999 _c108925
_d108925